Địa lý thủy văn

Các nguyên lý cơ bản và phương pháp nghiên cứu trong địa lý thủy văn; Phân tích và tổng hợp địa lý thủy văn; Xây dựng bản đồ địa lý thủy văn; Phân vùng thủy văn; Đặc trưng hình thái sông ngòi Việt Nam và tài nguyên nước của sông ngòi Việt Nam...

Full beskrivning

Sparad:
Bibliografiska uppgifter
Huvudupphovsman: Nguyễn Hữu Khải (Tác giả)
Övriga upphovsmän: Nguyễn Hữu Khải Nguyễn Văn Tuần (Tác giả)
Materialtyp: Bok
Språk:Vietnamese
Publicerad: H. Đại học Quốc gia 2001
Ämnen:
Taggar: Lägg till en tagg
Inga taggar, Lägg till första taggen!
Thư viện lưu trữ: Mạng thư viện Đại học Đà Nẵng
LEADER 01402nam a2200337 4500
001 000008710
003 4902
005 20111019151002.0
008 111019s2001 viesd
020 |c 21000đ 
041 0 |a vie 
082 |a 551.46  |b NG-K 
100 0 |a Nguyễn Hữu Khải  |e Tác giả 
245 0 |a Địa lý thủy văn  |c Nguyễn Hữu Khải; Nguyễn Văn Tuần 
260 |a H.  |b Đại học Quốc gia  |c 2001 
300 |a 195 tr.  |c 27 cm 
520 |a Các nguyên lý cơ bản và phương pháp nghiên cứu trong địa lý thủy văn; Phân tích và tổng hợp địa lý thủy văn; Xây dựng bản đồ địa lý thủy văn; Phân vùng thủy văn; Đặc trưng hình thái sông ngòi Việt Nam và tài nguyên nước của sông ngòi Việt Nam 
653 |a Địa lý 
653 |a Thủy văn 
700 |a Nguyễn Hữu Khải  |a Nguyễn Văn Tuần  |e Tác giả 
910 |a duyên 
OWN |a LSP 
AVA |a UDN50  |b LSP  |d 551.46 NG-K  |e available  |t Error 5001 Not defined in file expand_doc_bib_avail.  |f 10  |g 0  |h N  |i 0  |k 1 
999 |a From the UDN01 
AVA |a UDN50  |b LSP  |d 551.46 NG-K  |e available  |t Error 5001 Not defined in file expand_doc_bib_avail.  |f 10  |g 0  |h N  |i 0  |k 1 
TYP |a Monograph 
TYP |a Printed language 
980 |a Mạng thư viện Đại học Đà Nẵng